1703 1866 1170 1154 1554 1756 1561 1385 1926 1978 1569 1880 1020 1997 1704 1334 1632 1682 1899 1411 1440 1935 1226 1739 1487 1969 1763 1702 1416 1723 1549 1527 1256 1984 1044 1607 1561 1486 1862 1940 1942 1403 1757 1488 1804 1294 1267 1533 1029 1678 1912 1560 1827 1261 1271 1036 1109 1919 1545 1040 1618 1701 1155 1408 1751 1259 1372 1135 1865 1887 1597 1349 1363 1572 1675 1256 1947 1178 1191 1286 1673 1605 1363 1243 1136 1364 1053 1439 1982 1324 1624 1950 1538 1672 1714 1672 1502 1432 1017 BCNSPRNW ULIB Ver.6.0+V

เปลี่ยนเป็นภาษาไทย

Change to English
 แสดงรายละเอียดบรรณานุกรม
  กลับหน้าหลัก

Brief Record : Get Marc (ISO 2709) : E-mail record : QR code < ปิดหน้าต่าง
LEADER : 00000nam 2200000uu 4500
001    13399110290
003     ULIB
008    110427s2543||||th 000 0 tha d
020    9742914591
060  4 WM172^bส715ค 2543
110 1  กระทรวงสาธารณสุข.^bกรมสุขภาพจิต
245 00 คู่มือคลายเครียด/^cอินทิรา ปัทมินทร,บรรณาธิการ
260    นนทบุรี :^bกรมสุขภาพจิต กระทรวงสาธารณสุข,^c2543
300    196 หน้า
650  7 คลายเครียด
700 0  อินทิรา ปัทมินทร,^eบรรณาธิการ
945    ^p0^l0^i013406
945    ^p0^l0^i013407
945    ^p0^l0^i013405
995    ทศพร
999 ^a ใช้งานได้ทุกระบบ
รายการนี้ยังไม่มีแท็ก
คุณยังไม่ได้ล็อกอิน คุณสามารถมีกิจกรรมร่วมกับเว็บไซต์ได้ แต่ต้องล็อกอินก่อน ::
  ล็อกอิน

รายการสื่อสารสนเทศ

ลำดับที่ ประเภท เลขเรียก/บาร์โค้ด สถานที่ สถานะ
- ไม่พบข้อมูล -

รายการใกล้เคียง
    หัวเรื่อง [คลายเครียด]

BibComment


ยังไม่เคยถูกคอมเมนท์

คอมเมนท์ทรัพยากรรายการนี้
  คอมเมนท์: คู่มือคลายเครียด ..


 Copyright 2026. Bcnsprnw @Library